02584 2201117 4500001002100000005001500021035002000036007000300056008004100059020002200100082001100122084001700133100003600150245013600186250001600322300003300338500003200371650003300403650002700436700003000463700002800493264003100521336002100552337003000573338002300603990001200626990001200638990001200650990001200662990001200674990001200686990001200698990001200710990001200722990001200734990001200746990001200758990001200770990001200782990001200794990001200806990001200818990001200830990001200842990001200854990001200866990001200878990001200890990001200902990001200914990001200926990001200938990001200950990001200962990001200974990001200986990001200998990001201010990001201022990001201034990001201046990001201058990001201070990001201082990001201094990001201106990001201118990001201130990001201142990001201154990001201166990001201178990001201190990001201202990001201214990001201226990001201238990001201250990001201262990001201274990001201286990001201298990001201310990001201322990001201334990001201346990001201358990001201370990001201382990001201394990001201406990001201418990001201430990001201442990001201454INLIS00000000000026720231025084106 a0010-1023000048ta231025 0 ind  a978-602-445-468-5 a004.65 a004.65 DEN a0 aDendi Arafah SuhandiePengarang1 aAdministrasi Infrastruktur Jaringan 2 SMK/MAK Kelas XII :bKompetensi Keahlian Teknik Komputer dan Jaringan /cDendi Arafah Suhandi aed. 1 cet 1 avi, 105 hlm :bilus ;c26 cm aKurikulum 2013 Edisi Revisi 4aTeknik Komputer dan Jaringan 4aInfrastruktur Jaringan0 aSanti RemediaePenyunting0 aAdi Bagus DePenyunting aBogor :bYudhistira,c2020 2rdacontentateks 2rdamediaatanpa perantara 2rdacarrieravolume a21.0455 a21.0456 a21.0457 a21.0458 a21.0459 a21.0460 a21.0461 a21.0462 a21.0463 a21.0464 a21.0465 a21.0466 a21.0467 a21.0468 a21.0469 a21.0470 a21.0471 a21.0472 a21.0473 a21.0474 a21.0475 a21.0476 a21.0477 a21.0478 a21.0479 a21.0480 a21.0481 a21.0482 a21.0483 a21.0484 a21.0485 a21.0486 a21.0487 a21.0488 a21.0489 a21.0490 a21.0491 a21.0492 a21.0493 a21.0494 a21.0495 a21.0496 a21.0497 a21.0498 a21.0499 a21.0500 a21.0501 a21.0502 a21.0503 a21.0504 a21.0505 a21.0506 a21.0507 a21.0508 a21.0509 a21.0510 a21.0511 a21.0512 a21.0513 a21.0514 a21.0515 a21.0516 a21.0517 a21.0518 a21.0519 a21.0520 a21.0521 a21.0522 a21.0523 a21.0524